000 00764nam a2200277Ia 4500
003 OSt
005 20220926011020.0
006 a|||||r|||| 00| 0
007 ta
008 220923b |||||||| |||| 00| 0 eng d
020 _a0135571588 01
037 _cGeneral Book
040 _aRTL
_cRTL
_beng
041 _2eng
_aeng
082 _aX:51, L7;M8
100 _aStern Louis W
_9125371
245 0 _aMarketing channels
250 _a3
260 _aNew Jersey
_bPrentice Hall
_c1988
300 _axiv,609p
_ccm.
490 _aPrentice Hall Series in Marketing
650 _aMarketing
_915998
700 _a El-Ansari Adel I
_9313428
942 _hX:51, L7;M8
_cGB
_2CC
999 _c618859
_d618859